Statistics for 116th U.S. Senate Senators Quiz

Click here to take the quiz!

General Stats

  • This quiz has been taken 257 times
  • The average score is 59 of 100

Answer Stats

StateSenatorParty Affiliation% Correct
CaliforniaKamala HarrisDemocrat
93%
FloridaMarco RubioRepublican
92%
New YorkChuck SchumerDemocrat
91%
VermontBernie SandersIndependent
90%
TexasTed CruzRepublican
90%
MassachusettsElizabeth WarrenDemocrat
88%
CaliforniaDianne FeinsteinDemocrat
86%
KentuckyMitch McConnellRepublican
86%
MaineSusan CollinsRepublican
85%
AlabamaDoug JonesDemocrat
84%
New JerseyCory BookerDemocrat
83%
South CarolinaLindsey GrahamRepublican
83%
FloridaRick ScottRepublican
81%
South CarolinaTim ScottRepublican
81%
AlaskaLisa MurkowskiRepublican
80%
UtahMitt RomneyRepublican
78%
IllinoisTammy DuckworthDemocrat
78%
New YorkKirsten GillibrandDemocrat
77%
VirginiaTim KaineDemocrat
77%
ArkansasTom CottonRepublican
76%
MaineAngus KingIndependent
75%
IowaJoni ErnstRepublican
75%
ArizonaKyrsten SinemaDemocrat
75%
ArizonaMartha McSallyRepublican
75%
MinnesotaAmy KlobucharDemocrat
73%
IowaChuck GrassleyRepublican
73%
KentuckyRand PaulRepublican
73%
OhioSherrod BrownDemocrat
73%
ColoradoCory GardnerRepublican
72%
GeorgiaDavid PerdueRepublican
71%
West VirginiaJoe ManchinDemocrat
70%
MississippiCindy Hyde-SmithRepublican
68%
TexasJohn CornynRepublican
67%
LouisianaJohn Neely KennedyRepublican
67%
DelawareChris CoonsDemocrat
66%
IllinoisDick DurbinDemocrat
66%
HawaiiMazie HironoDemocrat
66%
North CarolinaThom TillisRepublican
66%
MinnesotaTina SmithDemocrat
66%
NebraskaBen SasseRepublican
64%
ColoradoMichael BennetDemocrat
63%
MassachusettsEd MarkeyDemocrat
61%
Rhode IslandSheldon WhitehouseDemocrat
61%
MissouriJosh HawleyRepublican
60%
UtahMike LeeRepublican
60%
WisconsinRon JohnsonRepublican
60%
WisconsinTammy BaldwinDemocrat
60%
TennesseeMarsha BlackburnRepublican
59%
PennsylvaniaPat ToomeyRepublican
59%
New JerseyBob MenendezDemocrat
58%
MichiganGary PetersDemocrat
58%
VermontPatrick LeahyDemocrat
58%
New HampshireJeanne ShaheenDemocrat
57%
MontanaJon TesterDemocrat
57%
HawaiiBrian SchatzDemocrat
56%
AlaskaDan SullivanRepublican
55%
MichiganDebbie StabenowDemocrat
55%
ConnecticutChris MurphyDemocrat
54%
NevadaCatherine Cortez MastoDemocrat
53%
ConnecticutRichard BlumenthalDemocrat
53%
TennesseeLamar AlexanderRepublican
52%
AlabamaRichard ShelbyRepublican
52%
OhioRob PortmanRepublican
52%
MontanaSteve DainesRepublican
52%
OklahomaJim InhofeRepublican
51%
IdahoMike CrapoRepublican
51%
WashingtonPatty MurrayDemocrat
50%
New HampshireMaggie HassanDemocrat
49%
South DakotaJohn ThuneRepublican
48%
VirginiaMark WarnerDemocrat
46%
West VirginiaShelley Moore CapitoRepublican
46%
GeorgiaJohnny IsaksonRepublican
45%
North CarolinaRichard BurrRepublican
45%
IndianaTodd YoungRepublican
45%
IndianaMike BraunRepublican
44%
New MexicoTom UdallDemocrat
44%
PennsylvaniaBob Casey Jr.Democrat
43%
OregonJeff MerkleyDemocrat
43%
KansasPat RobertsRepublican
43%
MissouriRoy BluntRepublican
43%
LouisianaBill CassidyRepublican
42%
NevadaJacky RosenDemocrat
42%
OklahomaJames LankfordRepublican
42%
ArkansasJohn BoozmanRepublican
42%
OregonRon WydenDemocrat
42%
DelawareTom CarperDemocrat
42%
MarylandBen CardinDemocrat
40%
North DakotaKevin CramerRepublican
40%
WashingtonMaria CantwellDemocrat
40%
WyomingJohn BarassoRepublican
39%
MarylandChris Van HollenDemocrat
38%
Rhode IslandJack ReedDemocrat
37%
IdahoJim RischRepublican
37%
New MexicoMartin HeinrichDemocrat
37%
WyomingMike EnziRepublican
36%
South DakotaMike RoundsRepublican
36%
MississippiRoger WickerRepublican
36%
NebraskaDeb FischerRepublican
35%
KansasJerry MoranRepublican
33%
North DakotaJohn HoevenRepublican
30%

Score Distribution

Percentile by Number Answered

Percent of People with Each Score

Your Score History

You have not taken this quiz